000 01111nam a22002897a 4500
001 8622
003 FISKH
005 20251006123839.0
008 251006b cb ||||| |||| 00| 0 eng d
020 _a9789995001087
040 _aFISKH
_bkhr
_cFISKH
_dFISKH
050 _aPZ7
082 _a895.966
100 _aSotheary, Kimsun
245 _aក្រៃថោង ក្រពើឆារ៉ាវ៉ាន់ :
_bKraithaong and crocodile Chharavann /
_cរៀបរៀងដោយ អ្នកស្រី​ ​គឹមស៊ុន សុធារី
260 _aPhnom Penh :
_bReading Books ,
_c2010.
300 _a24 pages :
_bcolor illustrations ;
_c25 cm .
490 _aពិភពរឿងនិទាន
505 _aP
521 8 _a650
_bLexile estimate
521 8 _aP
_bRaz-Plus
650 _aក្រៃថោង ក្រពើឆារ៉ាវ៉ាន់
_vអក្សរសិល្ប៍ខ្មែរ
650 _aKraihaong and crocodile Chharavann
_vKhmer literature
700 _aSan, Thai
_eIllustrator
942 _2ddc
_cKHB
_n0
999 _c8622
_d8622